000
00251nam a2200097Ia 4500
008
230907s9999||||xx |||||||||||||| ||und||
082
_a
158.0721
_b
ADV
245
0
_a
Advanced research methods for applied psychology :
300
_a
pages cm
942
_c
BK
999
_c
600653
_d
600653